000 00557nam a2200241 a 4500
001 nice12345678
003 IN_TiNIC
005 20260116015112.0
008 050524s1976 newa grp 000 0 eng
020 _a
_c100
082 0 0 _a616.89
_bVIS
100 _aViscott, David
245 _aLanguage of Feelings
260 _aNew York
_bArbor House
_c1976
300 _a151p
500 _aincludes index and biblioraphy
505 2 _aIndex
650 _aPsychiatry
700 1 _aViscott, David
902 _bSRS
942 _cBK
999 _c18324
_d18324